| 000 | 01008nam a22002657a 4500 | ||
|---|---|---|---|
| 008 | 081125t xxu||||| |||| 00| 0 eng d | ||
| 010 | _aENG-91813 | ||
| 020 |
_a9788189915537 _c1580.00 |
||
| 020 |
_a8189915533 _c1580.00 |
||
| 035 | _aEN-75346 | ||
| 037 | _bDBAD / PUB | ||
| 040 |
_adpl _bEnglish |
||
| 082 | _a658.1 | ||
| 100 | _aJain, J.N. | ||
| 245 |
_aModern organisation development and change: _cby J.N. Jain [and] P.P. Singh _bprinciples and practices / |
||
| 260 |
_aNew Delhi _bRegal Publications _c2007 |
||
| 270 |
_a912-915, Tolstoy House, 15-17, Tolstoy Marg, _bNew Delhi _e110001 |
||
| 300 |
_axiv, 513p. _c25cm (Hb) |
||
| 500 | _aIncludes glossary and index | ||
| 650 | _aOrganizational change | ||
| 650 | _aManagement | ||
| 700 | _aSingh, P.P. | ||
| 942 |
_2ddc _cEN _mJAI _h658.1 |
||
| 999 |
_c19113 _d19113 |
||